| 000 | 01163nam a2200349 a 4500 | ||
|---|---|---|---|
| 001 | 000036040 | ||
| 003 | DO-SdBNP | ||
| 005 | 20171113095013.0 | ||
| 007 | 000036040 | ||
| 008 | 111124s2001 sp a 001 0 spa d | ||
| 020 | _a848236023x (colección) | ||
| 020 | _a8482360302 | ||
| 040 |
_aBPMSU _bspa _cBPMSU |
||
| 082 | 4 |
_a750 _bT255a |
|
| 092 | _a | ||
| 245 | 0 | 0 |
_aTécnicas básicas de acuarela / _ceditor Rachel Wolf, Greg Albert. |
| 260 |
_aBarcelona : _bIdea Books, _c[200?]. |
||
| 300 |
_a120 p. : _bil. ; _c30 cm. |
||
| 490 | 1 | _aCurso básico de técnicas de dibujo y pintura | |
| 500 | _aIncluye índice. | ||
| 500 | _aCurso básico de técnicas de dibujo y pintura (título tomado del estuche ) | ||
| 505 |
_gTénica básicas de acuarela -- _rGreg Albert, _rRachel Wolf. |
||
| 650 | 4 |
_aACUARELA _xTÉCNICA |
|
| 700 | 1 | 2 |
_aAlbert, Greg, _eed. |
| 700 | 1 | 2 |
_aWolf, Rachel, _eed. |
| 830 | 0 | _aCurso básico de técnicas de dibujo y pintura | |
| 910 | _aValidado. Control de calidad MFF | ||
| 930 | 1 |
_l _m _8 _f _p _g |
|
| 942 |
_2ddc _cBK |
||
| 945 | _aInvetariado extranjerov / 2017 VM | ||
| 956 |
_aVMATEO _b10 _c20150929 _lBPMSU _h00151 |
||
| 999 |
_c8304 _d8304 |
||